| 000 | 00611nam a22001817a 4500 | ||
|---|---|---|---|
| 005 | 20251108172925.0 | ||
| 008 | 250721s2005 xx 000 0 ara d | ||
| 020 | _a9957250361 | ||
| 082 | 1 | 4 | _a342.565/ راض |
| 100 | 1 |
_aراضي، مازن ليلو _eمؤلف |
|
| 245 | 1 | 0 | _aالقضاء الإداري : دراسة الأسس و مبادئ القضاء الإداري في الأردن / |
| 264 | 1 |
_aعمان : _bدار قنديل للنشر و التوزيع، _c2005. |
|
| 300 | _a250ص. | ||
| 650 | 1 | 7 | _aالقانون الإداري |
| 650 | 1 | 7 | _aالقضاء |
| 942 |
_2ddc _cBK |
||
| 999 |
_c91928 _d91928 |
||